| 000 | 01158cam a22001934a 4500 | ||
|---|---|---|---|
| 005 | 20250605164409.0 | ||
| 008 | 250528s ||||||||||||||||||||||||d | ||
| 035 | _a24973 | ||
| 040 |
_aGR-AtMCL _bgre _dGR-AtMCL _eAACR2 |
||
| 245 | 1 | _aΣτάσεις και Αντιλήψεις Εκπαιδευτικών Δευτεροβάθμιας Εκπαίδευσης για Μαθητές με ΔΕΠΥ χωρίς Παράλληλη Στήριξη | |
| 260 | _c2023 | ||
| 300 | _a70 | ||
| 520 | _aΕισαγωγή, Διαταραχή Ελλειματικής Προσοχής με ή Χωρίς Υπερκινητικότητα, Γνώσεις και Αντιλήψεις Εκπαιδευτικών, Προβλήματα και Προσαρμογές, Σκοπός της Έρευνας και Ερευνητικά Ερωτήματα, Συμμετέχοντες, Εργαλείο, Διαδικασία, Περιορισμοί της Έρευνας και Προτάσεις Μελλοντικές. | ||
| 700 | 1 |
_aΚουβάσα Σοφία _99704 |
|
| 700 | 1 |
_aΚουνδουράκη Στυλιανή _99705 |
|
| 942 | _cDS | ||
| 999 |
_c9792 _d9792 |
||